Αντίλαλοι απ΄τα κάτεργα : ποιήματα, πεζά, επιστολές, υπομνήματα, σκίτσα από τη ζωή των δεσμωτών αγωνιστών.

Αποθηκεύτηκε σε:
Λεπτομέρειες βιβλιογραφικής εγγραφής
Μορφή: Βιβλίο
Γλώσσα:Greek
Δημοσίευση: [χ.τ.] : Εκδόσεις "Λαϊκού Αγώνα", 1963.
Θέματα:
Ετικέτες: Προσθήκη ετικέτας
Δεν υπάρχουν, Καταχωρήστε ετικέτα πρώτοι!

MARC

LEADER 00000cam a2200000 a 4500
001 1/114009
008 170518s1963####xx | ||| |||| ||gre||
040 |a GR-MyUa  |b gre  |c GR-MyUa  |e AACR2 
041 0 |a gre 
082 7 |a 809.8   |2 (23) 
245 0 0 |a Αντίλαλοι απ΄τα κάτεργα :   |b ποιήματα, πεζά, επιστολές, υπομνήματα, σκίτσα από τη ζωή των δεσμωτών αγωνιστών.  
260 |a [χ.τ.] :   |b Εκδόσεις "Λαϊκού Αγώνα",   |c 1963.  
300 |a 235 σ. ;   |c 24 εκ.  
506 1 |a Μόνο για ανάγνωση. Βρίσκεται σε ειδικό ράφι. Διαθέσιμο εάν ζητηθεί.  
650 0 |a Political prisoners  |z Greece  |x Diaries. 
650 0 |a Greek literature, Modern. 
852 |a INST  |b LESVOS  |e 20170518  |h 809.8 ΑΝΤ  |p 005100059237  |q 005100059237  |t BK  |y 0 
970 |a Τζαφέρη  |b Ευαγγελία  |z 18-05-2017